| 000 | 00597nam a2200145Ia 4500 | ||
|---|---|---|---|
| 008 | 250506s9999 xx 000 0 und d | ||
| 024 | _a10B-71-Ee, 10B-72-EE, 10B-82-EE, 10B-93-EE & 10B-132-EE | ||
| 082 | _a621.3815072 AHM | ||
| 100 | _aAhmed Hassan, Muhammad Ramzan, Rukhsar Ali, Masab Latif & S. M. Talha | ||
| 245 | 0 | _aAutomatic AC Generator Synchronization | |
| 260 |
_aKarachi: _bUIT, _c2010 |
||
| 600 | _aElectronic Engineering | ||
| 650 | _aBachelor of Engineering (BE) | ||
| 856 |
_uhttps://drive.google.com/file/d/1A6Nb4V4f-lZ0i_rZGyETaHXHBJ5teS0T/view?usp=sharing _yClick here for PDF |
||
| 999 |
_c28034 _d28034 |
||